000 00727nam a2200241Ia 4500
003 OSt
005 20221005035124.0
006 a|||||r|||| 00| 0
007 ta
008 221004b |||||||| |||| 00| 0 eng d
024 _a14986
037 _cTextual
040 _aCRL
_cCRL
_beng
041 _2eng
_aeng
082 _aa12,3164,1255, N3 (BB)
100 _aNizami A. H. comp.
_943014
245 0 _aCatalogue of Persian manuscripts and records in the Shri Raghubir Library Sitamau
260 _aDelhi
_bIdarah-i-Adabivat-i Delhi
_c1993
300 _aVII, 230p.
_ccm.
650 _aBIBLIOGRAPHY
942 _ha12,3164,1255, N3 (BB)
_cTEXL
_2cc
999 _c944625
_d944625